[Event "Saarland-ch A 87th"]
[Site "Voelklingen"]
[Date "2012.04.01"]
[Round "3"]
[White "Reinstaedler, Gerold"]
[Black "Schera, Michael"]
[Result "1-0"]
[WhiteElo "1600"]
[BlackElo "1702"]
[PlyCount "131"]
[EventDate "2012.03.30"]
[EventType "swiss"]
[EventRounds "6"]
[EventCountry "GER"]
[SourceTitle "EXT 2013"]
[Source "ChessBase"]
[SourceDate "2012.11.22"]
[SourceVersion "1"]
[SourceVersionDate "2012.11.22"]
[SourceQuality "1"]

1. f4 Nf6 2. Nf3 d5 3. e3 c5 4. b3 Nc6 5. Bb2 e6 6. Bb5 Bd7 7. Bxc6 Bxc6 8. Ne5 Rc8 9. 0-0 Qb6 10. f5 Bb5 11. Rf3 Qd6 12. fxe6 Qxe6 13. Na3 Bc6 14. Nxc6 Rxc6 15. Bxf6 gxf6 16. Nb5 a6 17. Nc3 Bd6 18. Ne2 Rg8 19. Nf4 Qe5 20. Rb1 Kd7 21. g3 Qg5 22. Qf1 h5 23. Qh3+ Kc7 24. Qxh5 Bxf4 25. Qxf7+ Kd8 26. exf4 Qg4 27. Qxd5+ Kc7 28. Re3 Rg7 29. Rbe1 Rg6 30. Re7+ Kb8 31. Re8+ Ka7 32. Qd8 Qxf4 33. Qa8+ Kb6 34. Qd8+ Ka7 35. R1e3 f5 36. a4 Rcd6 37. Qc7 Qd4 38. c3 Qxd2 39. Qxc5+ Rb6 40. a5 f4 41. Qc8 Qxe3+ 42. Rxe3 Rbc6 43. Qe8 fxe3 44. Qxe3+ Kb8 45. c4 Rce6 46. Qf4+ Kc8 47. Qf8+ Kd7 48. Qb8 Kc6 49. Qc8+ Kd6 50. Qxb7 Kc5 51. Kg2 Kd4 52. Qd5+ Ke3 53. Qf3+ Kd2 54. h4 Ref6 55. Qd5+ Ke2 56. Qe4+ Kd2 57. h5 Rh6 58. g4 Re6 59. Qd5+ Ke1 60. Kg3 Rhf6 61. Kh4 Re2 62. Kg5 Rfe6 63. Qxe6 Rxe6 64. h6 Kd2 65. h7 Re8 66. Kf6 1-0

[Event "Saarland-ch A 85th"]
[Site "Homburg"]
[Date "2010.04.01"]
[Round "7"]
[White "Schreck, Alexander"]
[Black "Schera, Michael"]
[Result "1-0"]
[WhiteElo "1840"]
[BlackElo "1729"]
[PlyCount "73"]
[EventDate "2010.03.28"]
[EventType "swiss"]
[EventRounds "9"]
[EventCountry "GER"]
[SourceTitle "EXT 2011"]
[Source "ChessBase"]
[SourceDate "2010.11.26"]
[SourceVersion "1"]
[SourceVersionDate "2010.11.26"]
[SourceQuality "1"]

1. d4 d5 2. c4 c6 3. Nf3 e6 4. Nc3 Bd6 5. e4 dxe4 6. Nxe4 Bb4+ 7. Bd2 Bxd2+ 8. Qxd2 Nd7 9. Nd6+ Kf8 10. Ng5 Nh6 11. c5 Nf6 12. Bd3 Ne8 13. Nxe8 Kxe8 14. Bxh7 Ng4 15. h3 Nf6 16. Bc2 Rh4 17. Nf3 Rh6 18. 0-0-0 Nd5 19. Ne5 Qe7 20. f4 f5 21. g4 Qh4 22. Rdf1 Qg3 23. Rf3 Qh4 24. gxf5 exf5 25. Re1 Be6 26. Bxf5 Kd8 27. Bxe6 Rxe6 28. Rg1 Qf6 29. Rg6 Qe7 30. Rfg3 Rxg6 31. Rxg6 Nf6 32. Qg2 Qe6 33. Rxg7 Qxa2 34. Nf7+ Ke8 35. Nd6+ Kd8 36. Nxb7+ Ke8 37. Qe2+ 1-0

[Event "Saarland-ch A 85th"]
[Site "Homburg"]
[Date "2010.03.28"]
[Round "2"]
[White "Schera, Michael"]
[Black "Fischer, Patrick"]
[Result "1-0"]
[WhiteElo "1729"]
[BlackElo "1606"]
[PlyCount "39"]
[EventDate "2010.03.28"]
[EventType "swiss"]
[EventRounds "9"]
[EventCountry "GER"]
[SourceTitle "EXT 2011"]
[Source "ChessBase"]
[SourceDate "2010.11.26"]
[SourceVersion "1"]
[SourceVersionDate "2010.11.26"]
[SourceQuality "1"]

1. d4 d5 2. c4 c6 3. e3 Nf6 4. Nf3 e6 5. Nbd2 Nbd7 6. Bd3 dxc4 7. Nxc4 c5 8. 0-0 Be7 9. b3 0-0 10. Bb2 a6 11. Rc1 b5 12. Nce5 Bb7 13. Nxd7 Nxd7 14. Bb1 Rc8 15. dxc5 Rxc5 16. Nd4 Bf6 17. Rxc5 Nxc5 18. Bxh7+ Kh8 19. Qh5 Qd5 20. Bf5+ 1-0